000 00551nam a2200229Ia 4500
003 OSt
005 20230323161804.0
008 210423s2005 xx 000 0 und d
020 _a8126124598
040 _cAL
041 _aeng
082 _a070.1
_223
_bKUNS
100 _aKUNDRA (S)
_977153
245 _aMedia management
260 _aNew Delhi
_bAnmol Publications
_c2005
300 _avii,336
_bPB
365 _b200
_cINR
650 _aGeneral
_977154
650 _aMass Media
_977155
906 _amanagement. ; Media
942 _2ddc
_cBK
999 _c155733
_d155733